01597cam a2200337 i 4500003000900000005001700009007000300026008004100029020001500070040003000085082001400115100004100129245009700170264005300267300004100320336002700361337003300388338002800421500004300449500008000492521033700572590002700909650003400936650003900970700003401009700004401043910001401087942001401101952012701115999001701242DO-SdBNP20240916114304.0ta240916s2004 xxua c 000 f spa d a0439683130 aDO-SdBNPbspacBNPHUerda bM379m2221 aMartin, Ann M.d1955-913825eautora14aThe meanest doll in the workd /cAnn M. Martin, Laura Godwin ; ilustraciones Brian Selznick  aNueva York, Estados Unidos :bScholastic,c2004. a260 páginasbilustracionesc23 cm. atextobtxt2rdacontent asin mediaciónbn2rdamedia avolumenbnc2rdacarrier aSecuela de: La gente de las muñecas. aIncluye datos biografícos de los autores e ilustrador en la página 267. aAnnabelle y Tiffany Fuchaft son dos muñecas que han sido mejores amigas desde que se conocieron en la casa de Kate Palmer, tienen una aventura cuando se esconden en la mochila de Kate Palmer, las llevan a la escuela, van por error a otra casa e intentan detener a la princesa Mimi, una muñeca. que amenaza a todos los muñecos. aInventariado, 2024/ YL 4aMuñecas vFicción.986583 4aComportamiento vFicción.9865841 aGodwin, Laura eautora9865851 aSelznick, Brian eilustraciones 986586 aYlockward 2ddccLBS1 00102ddc56708GRaBNPHUbBNPHUcCTd2018-07-02eDonación l0oBNPHU GR M379mp2024-5361r2024-09-16w2024-09-16yLBS1 c57692d57692